Estudio del compuesto Bi2Ba NbaO9 y sus derivados sustitucionales con la (Bi Bann-1 LanNb O9)
En el presente trabajo se estudió el ámbito de concentración de la correspondiente a la solución sólida Bi2Ba1-xLax Nb2 O9. Se estudiaron las condiciones de síntesis adecuadas para la obtención del compuesto. Bi2 BaNb2 O9 con alto grado de pureza.
| Main Author: | |
|---|---|
| Other Authors: | |
| Format: | Tesis Section = Libro |
| Language: | Undetermined Spanish |
| Published: |
Argentina
UNAM, México
1997
|
| Subjects: |
| LEADER | 01050nam a2200241Ia 4500 | ||
|---|---|---|---|
| 008 | 240830s9999 xx 000 0 und d | ||
| 040 | |a BIBLIOTECA-RUSB/ T.Mon 546.411 R696 | ||
| 041 | |a spa | ||
| 082 | |a T.Mon 546.411 R696 | ||
| 100 | 1 | |a Rodríguez Esquivel, Lesbia Isabel | |
| 245 | 1 | 0 | |a Estudio del compuesto Bi2Ba NbaO9 y sus derivados sustitucionales con la (Bi Bann-1 LanNb O9) |
| 260 | |a Argentina |b UNAM, México |c 1997 | ||
| 300 | |a 88 p. :il. | ||
| 502 | |a Tesis (Máster en Ciencias y Tecnología de Materiales) - UNAM, México, 1997. | ||
| 520 | 3 | |a En el presente trabajo se estudió el ámbito de concentración de la correspondiente a la solución sólida Bi2Ba1-xLax Nb2 O9. Se estudiaron las condiciones de síntesis adecuadas para la obtención del compuesto. Bi2 BaNb2 O9 con alto grado de pureza. | |
| 650 | 7 | |a LANTANO - CONCENTRACIÓN | |
| 650 | 7 | |b REDES CRISTALINAS | |
| 650 | 7 | |c FASES DE AURIVILIUS | |
| 650 | 7 | |d CERÁMICOS | |
| 700 | 1 | |a Tutor: |b Leyva, Gabriela | |
| 942 | |c BK |2 ddc | ||
| 991 | |a TESIS | ||
| 999 | |c 21803 | ||